000 00821cam a2200229 i 4500
005 20260129101932.0
008 250721s2004 le gr 000 0 ara d
020 _a9957170651
082 1 4 _a370.15
_bر ي ا
100 1 _aريان، محمد هاشم
_eمؤلف.
245 1 0 _aمهارات التفكير وسرعة البديهة :
_bوحقائب تدريبية /
_cالدكتور محمد هاشم ريان.
250 _aالطبعة الاولى.
264 3 1 _aعمان :
_bمكتبة الفلاح للنشر و التوزيع،
_c2004.
300 _a424 صفحة.
650 1 7 _aالتعلم.
650 1 7 _aالذاكرة.
650 1 7 _aالإبداعية.
650 1 7 _aالتفكير الإبداعي.
650 1 7 _aالحدس.
942 _2ddc
_cBK
999 _c101804
_d101804